000 00695nam a2200229Ia 4500
001 17108
003 GE_BSU
008 181216s||||||||xx |||||||||||||| ||und||
040 _cGE_BSU
080 _a821.353.1-32
100 _aადამია, ალიო
245 _aდილა მტკვრის ხეობაში
245 _bმოთხრობა
245 _cრედ.რ.გვეტაძე
260 _aთბილისი
260 _bსაბჭ. მწერალი
260 _c1952
300 _a246გვ. ; 19სმ
653 _aდილა მტკვრის ხეობაში
653 _aმოთხრობა.
942 _cBK
999 _c50170
_d50170